Statistics for Least guessed presidents of the least guessed president quiz

Click here to take the quiz!

General Stats

  • This quiz has been taken 11 times
  • The average score is 3 of 4

Answer Stats

PercentageHintAnswer% Correct
59%Corrupt president during prohibition, De-Wilsonized the countryWarren G. Harding
100%
58%Ended Reconstruction, won by a single electoral voteRutherford B. Hayes
89%
59%Signed the fugitive slave act, was in his 40s when he became presidentFranklin Pierce
67%
63%Second president as a *result* of in office death, very anti-immigrationMillard Fillmore
56%

Score Distribution

Percentile by Number Answered

Percent of People with Each Score

Your Score History

You have not taken this quiz